000 00469nam a22001817a 4500
003 CEME
005 20210628204159.0
008 210105b xxu||||| |||| 00| 0 eng d
020 _a8185749485
040 _cceme
082 _a629.222 SIN
100 _aSingal, R.K
_964469
245 _aAutomobile engineering, for engineering students
260 _aNEW DELHI
_bS.K.KATARIA
_c2009
300 _a340P
650 _aAUTOMOBILE ENGINEERING.
_969152
942 _cBK
_2ddc
999 _c576541
_d576541